The Impossible Quiz - Statistiques

Statistiques générales
  • Ce quiz a été pris 95 fois
  • Le résultat moyen est 5 sur 15
Statistiques - réponses
Par images Réponse % Correct
Angleterre
93%
Georgie
91%
Jersey
45%
Irlande du nord
41%
Guernesey
39%
Iles vierges britanniques
36%
Iles cook
28%
Samoa américaines
26%
Iles malouines
23%
Montserrat
20%
Anguilla
16%
Iles turques et caiques
10%
Iles vierges des Etats Unis
6%
République turque de chypre du nord
5%
Iles de l'ascension
1%
Aucun quiz correspondant
Distribution des résultats
% des personnes avec chaque résultat
Percentile par nombre de réponses
Votre historique - résultats
Vous n’avez pas pris ce quiz